Integrated Electronics Analog And Digital Circiuts And Systems (Record no. 165101)

MARC details
000 -LEADER
fixed length control field 00470nam a2200169Ia 4500
008 - FIXED-LENGTH DATA ELEMENTS--GENERAL INFORMATION
fixed length control field 230612s9999 xx 000 0 und d
041 ## - LANGUAGE CODE
Language code of text/sound track or separate title eng
082 ## - DEWEY DECIMAL CLASSIFICATION NUMBER
Classification number 621.381 MIL
100 ## - MAIN ENTRY--PERSONAL NAME
Personal name Millman J.
245 ## - TITLE STATEMENT
Title Integrated Electronics Analog And Digital Circiuts And Systems
260 ## - PUBLICATION, DISTRIBUTION, ETC. (IMPRINT)
Date of publication, distribution, etc. 1972
Name of publisher, distributor, etc. Tata Mc-graw Hill
300 ## - PHYSICAL DESCRIPTION
Extent 910
365 ## - TRADE PRICE
Currency code Rs.
Price amount 150.00
700 ## - ADDED ENTRY--PERSONAL NAME
Personal name Millman J. & Halkias C.C.
906 ## - LOCAL DATA ELEMENT F, LDF (RLIN)
d B:26-Jul-1992
c ETC
b 22.5
Holdings
Withdrawn status Lost status Damaged status Not for loan Home library Current library Date acquired Vendor Budget Code Cost, normal purchase price Bill number Total Checkouts Full call number Barcode Date last seen Discount Cost, replacement price Bill Date Koha item type Original Barcode
        Cummins College of Engineering for Women Pune Cummins College of Engineering for Women Pune 16/08/1992 Varma Book Distributors ETC 127.50 9128   621.381 MIL CCEP-BK-819 12/06/2023 22.5 150.00 26/07/1992 Books 000819